000 01460nam a2200325Ia 4500
001 114466
003 DR-UNIBE
005 20260316141629.0
008 260316b2023 dr ||||| |||| 00| 0 spa d
020 _a9789945629613
040 _aBIBLIOTECA UNIBE
_cBIBLIOTECA UNIBE
_erda
082 0 _aRD 330.97293 B213n 2025
110 2 _aBanco Central de la República Dominicana
_918978
_eautor
245 1 0 _aNueva literatura económica dominicana :
_bpremios del Concurso de Economía Biblioteca "Juan Pablo Duarte" 2024
260 4 _aSanto Domingo :
_bBanco Central de la República Dominicana,
_c2025
300 4 _a424 páginas :
_bilustraciones
490 _aColección del Banco Central de la República Dominicana ;
_v334
490 _aSerie nueva literatura económica ;
_v29
650 7 _2lemb
_aSistema de pagos
_zRepública Dominicana
_9203315
650 7 _2lemb
_aInflación
_zRepública Dominicana
_94667
650 7 _2lemb
_aMigración rural
_zRepública Dominicana
_9203316
650 7 _2lemb
_aEducación secundario
_xEnseñanza a distancia
_zRepública Dominicana
_9203317
650 7 _2lemb
_aPolítica fiscal
_zRepública Dominicana
_92700
650 7 _2lemb
_aTurismo
_zRepública Dominicana
_9153
650 7 _2lemb
_aProducto interno bruto
_zRepública Dominicana
_9203318
700 _aAlcántara Almánzar, José,
_d1946-
_eeditor
_94696
700 _aSoto, Elvis Francis,
_eeditor
_955403
942 _cBK
_2ddc
951 _a20061022 10:18:00
999 _c114466
_d114466